| 000 | 00461cam a2200181ua 4500 | ||
|---|---|---|---|
| 020 | _c2.15 | ||
| 041 |
_amal _h |
||
| 082 |
_a540 _bGEO/IN |
||
| 100 | _aGeorge , Portor . | ||
| 245 |
_aInnathe lokathil rasathantram / _cGeorge Portor. _hTextual Documents |
||
| 250 |
_a1 / _b. |
||
| 260 |
_aThiruvananthapuram : _bState Instititute of Languages , _c1966. |
||
| 300 | _a159 ; . | ||
| 365 | _a2.15 | ||
| 504 | _a | ||
| 942 | _cBK | ||
| 999 |
_c6048 _d6048 |
||